000 00398nam a2200169Ia 4500
005 20250423095510.0
008 250422s9999 xx 000 0 und d
020 _a0078249406
050 _aGF 43 .B64/
100 _aBoehm, Richard G.
245 0 _aGeography : the world and its people
260 _aNew York
260 _bMcGraw-Hill
260 _c2002
650 _aGeography
942 _cBK
999 _c30456
_d30456